| 000 | 01183cab a2200349 4500 | ||
|---|---|---|---|
| 001 | ABS46672 | ||
| 008 | 090401t1992 xxu||||| |||| 00| 0 eng d | ||
| 035 | _a(Sirsi) u59111 | ||
| 041 | _aeng | ||
| 245 | _aHow to find new uses for ailing property | ||
| 260 | _c1992 | ||
| 350 | _a0 | ||
| 490 |
_aProperty Confidential _v(442) June 1992, 4-7(4) |
||
| 520 | _aExamines ways of boosting an area to encourage new business and property ventures to move in. Looks at the work of the Heart of Urban Britain Campaign backed by the Civic Trust Regeneration Unit, URBED (Urban and Economic Development Group) and researchers Comedia, which plans to regenerate high streets. Reviews some projects which have benefited. | ||
| 650 | _aCIVIC TRUST | ||
| 650 | _aDAVENTRY | ||
| 650 | _aGLOUCESTER | ||
| 650 | _aGREENWICH | ||
| 650 | _aHIGH STREETS | ||
| 650 | _aLIVERPOOL | ||
| 650 | _aLONDON DOCKLANDS | ||
| 650 | _aLUTON | ||
| 650 | _aMIDDLESBROUGH | ||
| 650 | _aNATIONAL MAIN STREET CENTRE | ||
| 650 | _aSOUTHEND | ||
| 650 | _aSWANSEA | ||
| 650 | _aTOWN CENTRES | ||
| 650 | _aURBAN REGENERATION | ||
| 690 | _aURBAN RENEWAL | ||
| 942 | _n0 | ||
| 948 | _c04/03/1997 | ||
| 999 |
_c36214 _d36214 |
||